[Event "GER-chT Federal Cup (Women)"]
[Site "Braunfels"]
[Date "2019.06.21"]
[Round "2.26"]
[White "Plass, Mariana Camelia"]
[Black "Glinzner, Alva"]
[Result "0-1"]
[WhiteElo "2042"]
[BlackElo "1833"]
[PlyCount "90"]
[EventDate "2019.06.20"]
[EventType "team-swiss"]
[EventRounds "5"]
[EventCountry "GER"]
[SourceTitle "CBM 191 Extra"]
[Source "ChessBase"]
[SourceDate "2019.09.30"]
[SourceVersion "1"]
[SourceVersionDate "2019.09.30"]
[SourceQuality "1"]

1. d4 Nf6 2. c4 e6 3. g3 d5 4. Bg2 Be7 5. Nf3 Nbd7 6. 0-0 0-0 7. Qc2 b6 8. Nbd2 Bb7 9. b3 c5 10. Bb2 Rc8 11. Ne5 Nxe5 12. dxe5 Nd7 13. Rad1 Qc7 14. cxd5 exd5 15. Bh3 Rcd8 16. e6 Nf6 17. exf7+ Kxf7 18. Nf3 Kg8 19. Ng5 d4 20. Qc4+ Kh8 21. Bg2 Bxg2 22. Kxg2 Qc6+ 23. Kg1 Nd5 24. Nf3 Qf6 25. a3 Qf5 26. Kg2 Qg6 27. Bc1 Nc3 28. Rde1 Qc6 29. Qd3 b5 30. Bf4 c4 31. Qc2 Bxa3 32. Kg1 Bb4 33. Ne5 Qe6 34. bxc4 bxc4 35. h4 Nd5 36. Rb1 Bc3 37. Qc1 a5 38. e4 dxe3 39. Nxc4 Nxf4 40. Qxe3 Ne2+ 41. Kh2 Qxc4 42. Rfd1 Bd4 43. Qg5 Rxf2+ 44. Kh3 Qc8+ 45. g4 Qc3+ 0-1

[Event "Benidorm op U2300 17th"]
[Site "Benidorm"]
[Date "2018.11.30"]
[Round "1"]
[White "Plass, Mariana Camelia"]
[Black "Lopez del Alamo, Antonio"]
[Result "0-1"]
[WhiteElo "2041"]
[BlackElo "2241"]
[PlyCount "62"]
[EventDate "2018.11.30"]
[EventType "swiss"]
[EventRounds "10"]
[EventCountry "ESP"]
[SourceTitle "EXT 2022"]
[Source "ChessBase"]
[SourceDate "2021.10.06"]
[SourceVersion "1"]
[SourceVersionDate "2021.10.06"]
[SourceQuality "1"]

1. d4 Nf6 2. c4 g6 3. Nc3 Bg7 4. e4 d6 5. h3 0-0 6. Bg5 c5 7. d5 b5 8. cxb5 a6 9. bxa6 Qb6 10. Qc2 Bxa6 11. Bxa6 Nxa6 12. Nge2 Rfb8 13. Na4 Nb4 14. Qd1 Qa6 15. Nac3 Nd3+ 16. Kf1 Nxb2 17. Qc2 Na4 18. Qxa4 Qxa4 19. Nxa4 Rxa4 20. Nc3 Nxe4 21. Nxa4 Bxa1 22. Ke2 Bh8 23. Bd2 Ra8 24. Nb6 Rxa2 25. Nc4 Nxd2 26. Nxd2 Bc3 27. Rd1 Rxd2+ 28. Rxd2 Bxd2 29. Kxd2 Kg7 30. g4 Kf6 31. f4 e6 0-1

[Event "GER-chT Federal Cup (Women)"]
[Site "Braunfels"]
[Date "2018.05.31"]
[Round "1.3"]
[White "Plass, Mariana Camelia"]
[Black "Franzenburg, Maria"]
[Result "1-0"]
[WhiteElo "2035"]
[BlackElo "1853"]
[PlyCount "83"]
[EventDate "2018.05.31"]
[EventType "team-swiss"]
[EventRounds "5"]
[EventCountry "GER"]
[SourceTitle "EXT 2020"]
[Source "ChessBase"]
[SourceDate "2019.10.17"]
[SourceVersion "1"]
[SourceVersionDate "2019.10.17"]
[SourceQuality "1"]
[WhiteTeam "Nordrhein Westfalen (W)"]
[BlackTeam "Schleswig Holstein (W)"]
[WhiteTeamCountry "GER"]
[BlackTeamCountry "GER"]

1. d4 f5 2. g3 g6 3. Bg2 Bg7 4. h4 Nf6 5. Nd2 d6 6. Ndf3 0-0 7. Nh3 Qe8 8. d5 e5 9. dxe6 Bxe6 10. Nfg5 Nc6 11. Nxe6 Qxe6 12. h5 Qe8 13. h6 Bh8 14. Ng5 Nd8 15. Bd5+ Nxd5 16. Qxd5+ Nf7 17. Ne6 c6 18. Qb3 Qe7 19. Nxf8 Kxf8 20. Be3 b5 21. 0-0-0 a5 22. Qd3 b4 23. Bd4 Ne5 24. Bxe5 dxe5 25. Qd6 Rc8 26. Rd2 Bf6 27. f4 Qxd6 28. Rxd6 Ke7 29. Rhd1 Rc7 30. e3 a4 31. Rd8 a3 32. bxa3 bxa3 33. Ra8 exf4 34. gxf4 Bb2+ 35. Kd2 c5 36. c3 Kf6 37. Kc2 Re7 38. Rd6+ Kf7 39. Rh8 Rxe3 40. Rxh7+ Ke8 41. Ra6 Rxc3+ 42. Kd2 1-0

[Event "NRW Class1 1718"]
[Site "Germany"]
[Date "2018.03.11"]
[Round "7.3"]
[White "Plass, Mariana Camelia"]
[Black "Reinke, Markus"]
[Result "1/2-1/2"]
[WhiteElo "2020"]
[BlackElo "2152"]
[PlyCount "81"]
[EventDate "2017.09.17"]
[EventType "team-tourn"]
[EventRounds "9"]
[EventCountry "GER"]
[SourceTitle "EXT 2019"]
[Source "ChessBase"]
[SourceDate "2018.10.10"]
[SourceVersion "1"]
[SourceVersionDate "2018.10.10"]
[SourceQuality "1"]
[WhiteTeam "Sundern"]
[BlackTeam "Duesseldorf II"]
[WhiteTeamCountry "GER"]
[BlackTeamCountry "GER"]

1. d4 e6 2. g3 f5 3. Bg2 Nf6 4. Nh3 d6 5. Nf4 Be7 6. c4 c6 7. Nc3 e5 8. dxe5 dxe5 9. Qxd8+ Bxd8 10. Nd3 e4 11. Nc5 Bb6 12. Be3 Nbd7 13. Nxd7 Nxd7 14. Bxb6 axb6 15. g4 g6 16. gxf5 gxf5 17. f3 Rg8 18. Bh3 exf3 19. Bxf5 f2+ 20. Kf1 Rf8 21. Ne4 Ke7 22. Bxd7 Bxd7 23. Nxf2 Rf4 24. Ke1 Rxc4 25. Rg1 Kf8 26. Nd3 Re8 27. Kd2 Rg4 28. Raf1+ Ke7 29. Rxg4 Bxg4 30. Rf4 Be6 31. Re4 Kf6 32. a3 Rg8 33. Rh4 Bf5 34. e4 Rg2+ 35. Ke3 Bg6 36. Rf4+ Ke7 37. Rf2 Rg4 38. Nf4 Rg1 39. Nxg6+ Rxg6 40. Rd2 Ke6 41. Rf2 1/2-1/2

[Event "GER-chT Federal Cup (Women)"]
[Site "Braunfels"]
[Date "2017.06.16"]
[Round "3.1"]
[White "Plass, Mariana Camelia"]
[Black "Klek, Hanna Marie"]
[Result "0-1"]
[WhiteElo "2078"]
[BlackElo "2368"]
[PlyCount "110"]
[EventDate "2017.06.15"]
[EventType "team-swiss"]
[EventRounds "5"]
[EventCountry "GER"]
[SourceTitle "CBM 179 Extra"]
[Source "ChessBase"]
[SourceDate "2017.08.23"]
[SourceVersion "1"]
[SourceVersionDate "2017.08.23"]
[SourceQuality "1"]
[WhiteTeam "Nordrhein Westfalen (W)"]
[BlackTeam "Bayern (W) II"]
[WhiteTeamCountry "GER"]
[BlackTeamCountry "GER"]

1. d4 Nf6 2. c4 e6 3. g3 d5 4. Bg2 dxc4 5. Qa4+ Bd7 6. Qxc4 Bc6 7. Nf3 Bd5 8. Qa4+ Nc6 9. Nc3 Qd7 10. 0-0 a6 11. a3 0-0-0 12. e3 Bxf3 13. Bxf3 Nd5 14. Bd2 f5 15. Nxd5 exd5 16. b4 Kb8 17. Qb3 g5 18. a4 h5 19. b5 Na7 20. bxa6 b6 21. Qd1 g4 22. Bg2 h4 23. f3 hxg3 24. hxg3 Nc8 25. Rb1 Ka7 26. a5 b5 27. Qe2 c6 28. fxg4 Bd6 29. Rxf5 Qh7 30. Rxb5 cxb5 31. Qxb5 Qc7 32. Rf1 Ne7 33. Rc1 Qb8 34. Qd3 Rd7 35. Rb1 Qc8 36. Rb6 Bxg3 37. Bb4 Qf8 38. Qe2 Bh2+ 39. Kh1 Bd6+ 40. Kg1 Bxb4 41. Rxb4 Rc7 42. Rb7+ Rxb7 43. axb7 Qh6 44. e4 Qh2+ 45. Kf2 Rf8+ 46. Ke3 Qh6+ 47. Kd3 Qa6+ 48. Ke3 Qxa5 49. Qb2 Qe1+ 50. Qe2 Qxe2+ 51. Kxe2 Kxb7 52. exd5 Kc7 53. Ke3 Kd6 54. Ke4 Nxd5 55. Bf3 Rf4+ 0-1

[Event "GER-chT Federal Cup (Women)"]
[Site "Braunfels"]
[Date "2016.05.26"]
[Round "1.1"]
[White "Ambartsumova, Karina"]
[Black "Plass, Mariana Camelia"]
[Result "1-0"]
[WhiteElo "2282"]
[BlackElo "1973"]
[PlyCount "127"]
[EventDate "2016.05.26"]
[EventType "team-swiss"]
[EventRounds "5"]
[EventCountry "GER"]
[SourceTitle "EXT 2019"]
[Source "ChessBase"]
[SourceDate "2018.10.10"]
[SourceVersion "1"]
[SourceVersionDate "2018.10.10"]
[SourceQuality "1"]
[WhiteTeam "Wuerttemberg (W)"]
[BlackTeam "Nordrhein Westfalen (W)"]
[WhiteTeamCountry "GER"]
[BlackTeamCountry "GER"]

1. e4 c5 2. Nf3 d6 3. d4 cxd4 4. Nxd4 Nf6 5. Nc3 a6 6. Be3 Ng4 7. Bc1 Nf6 8. Be3 Ng4 9. Bg5 h6 10. Bh4 g5 11. Bg3 Bg7 12. h3 Ne5 13. Be2 Nbc6 14. Nf5 Bxf5 15. exf5 Rc8 16. 0-0 0-0 17. Nd5 e6 18. Ne3 Ne7 19. f4 gxf4 20. Bxf4 exf5 21. Kh1 Qb6 22. Rb1 Rfd8 23. Qd2 Qc5 24. c3 b5 25. Bg3 N5g6 26. Bd3 f4 27. Bxf4 Nxf4 28. Rxf4 Ng6 29. Rf5 Ne5 30. Rh5 Nf3 31. Rxc5 Nxd2 32. Rxc8 Rxc8 33. Rd1 Re8 34. Nf5 Ne4 35. Bxe4 Rxe4 36. Nxg7 Kxg7 37. Rxd6 Re2 38. Rxa6 Rxb2 39. Rb6 Rc2 40. Rxb5 Rxc3 41. a4 Ra3 42. Ra5 Kg6 43. Kg1 Ra2 44. Kh2 Ra3 45. Ra8 h5 46. h4 Kf5 47. a5 Ra4 48. g3 Kg4 49. Rg8+ Kf3 50. Rg5 Ra2+ 51. Kh3 Ra1 52. Rf5+ Ke4 53. Rxh5 f5 54. Rh8 Rxa5 55. Re8+ Kf3 56. Rf8 Ke3 57. h5 f4 58. gxf4 Rxh5+ 59. Kg4 Ra5 60. Re8+ Kd4 61. f5 Kd5 62. f6 Ra7 63. Kf5 Kd6 64. Kg6 1-0

[Event "NRW Class2 1516"]
[Site "Germany"]
[Date "2015.10.25"]
[Round "2.4"]
[White "Dahm, Jochen"]
[Black "Plass, Mariana Camelia"]
[Result "1-0"]
[WhiteElo "2199"]
[BlackElo "2003"]
[PlyCount "53"]
[EventDate "2015.09.27"]
[EventType "team-tourn"]
[EventRounds "9"]
[EventCountry "GER"]
[SourceTitle "EXT 2017"]
[Source "ChessBase"]
[SourceDate "2016.10.25"]
[SourceVersion "1"]
[SourceVersionDate "2016.10.25"]
[SourceQuality "1"]
[WhiteTeam "Bochum II"]
[BlackTeam "Sundern"]
[WhiteTeamCountry "GER"]
[BlackTeamCountry "GER"]

1. e4 c5 2. Nf3 d6 3. d4 cxd4 4. Nxd4 Nf6 5. Nc3 a6 6. h3 e5 7. Nde2 Nbd7 8. g4 h6 9. Bg2 Qc7 10. 0-0 b5 11. Ng3 Bb7 12. f4 b4 13. Nd5 Nxd5 14. exd5 exf4 15. Bxf4 Ne5 16. Qe2 f6 17. Bxe5 dxe5 18. d6 Qd7 19. Bxb7 Qxb7 20. Qd3 Rd8 21. Ne4 Qc6 22. Rad1 Rd7 23. Nxf6+ gxf6 24. Qg6+ Rf7 25. Rxf6 Qc4 26. Rxf7 Rg8 27. Re7+ 1-0

[Event "Krk Golden Island op 3rd"]
[Site "Malinska"]
[Date "2015.10.18"]
[Round "2"]
[White "Plass, Mariana Camelia"]
[Black "Gutsko, Anastasiya"]
[Result "0-1"]
[WhiteElo "2057"]
[BlackElo "2219"]
[PlyCount "164"]
[EventDate "2015.10.17"]
[EventType "swiss"]
[EventRounds "9"]
[EventCountry "CRO"]
[SourceTitle "CBM 168 Extra"]
[Source "ChessBase"]
[SourceDate "2015.10.29"]
[SourceVersion "1"]
[SourceVersionDate "2015.10.29"]
[SourceQuality "1"]

1. d4 Nf6 2. c4 e6 3. g3 d5 4. Bg2 Be7 5. Nf3 0-0 6. 0-0 c6 7. b3 b6 8. Bb2 Nbd7 9. Nbd2 Bb7 10. Ne5 Rc8 11. e4 c5 12. exd5 exd5 13. Bh3 Rc7 14. Nxd7 Nxd7 15. dxc5 Nxc5 16. Qg4 Bf6 17. Bxf6 Qxf6 18. cxd5 Bxd5 19. Bg2 Bxg2 20. Kxg2 Rd8 21. Nc4 Nd3 22. Rad1 Rcd7 23. Ne3 g6 24. Qf3 Qb2 25. Ng4 f5 26. Ne3 Qxa2 27. b4 Qa4 28. Rb1 Nxb4 29. g4 Rd4 30. gxf5 Qc6 31. fxg6 Qxf3+ 32. Kxf3 hxg6 33. Rfd1 Rxd1 34. Nxd1 a5 35. Ne3 Rc8 36. Ke4 Kf7 37. f4 Ke6 38. Rg1 Kf6 39. Rb1 Re8+ 40. Kd4 Nc6+ 41. Kd3 Nb4+ 42. Kd4 Re6 43. h3 Rc6 44. Nd5+ Nxd5 45. Kxd5 Re6 46. h4 Kf5 47. Rg1 Rf6 48. Rg5+ Kxf4 49. Kc4 Rc6+ 50. Kb3 Ke4 51. h5 gxh5 52. Rxh5 Rc5 53. Rh6 Rb5+ 54. Kc4 Rb4+ 55. Kc3 Kd5 56. Rg6 Kc5 57. Rg5+ Kc6 58. Rh5 Rb1 59. Rh6+ Kb5 60. Rh5+ Ka6 61. Kc2 Rb5 62. Rh8 Rc5+ 63. Kb3 Kb5 64. Rh4 Rg5 65. Rh3 a4+ 66. Ka3 Ka5 67. Rh8 Rg3+ 68. Kb2 b5 69. Rh5 a3+ 70. Ka2 Ka4 71. Rh8 Rg2+ 72. Ka1 b4 73. Rh4 Rc2 74. Rg4 Kb3 75. Rg3+ Rc3 76. Rg1 Rc4 77. Rg3+ Ka4 78. Rg1 Rd4 79. Rh1 b3 80. Kb1 a2+ 81. Kb2 Rd2+ 82. Ka1 Ka3 0-1

[Event "Krk Golden Island op 3rd"]
[Site "Malinska"]
[Date "2015.10.18"]
[Round "3"]
[White "Vojak, Daniel"]
[Black "Plass, Mariana Camelia"]
[Result "0-1"]
[WhiteElo "2131"]
[BlackElo "2057"]
[PlyCount "96"]
[EventDate "2015.10.17"]
[EventType "swiss"]
[EventRounds "9"]
[EventCountry "CRO"]
[SourceTitle "CBM 168 Extra"]
[Source "ChessBase"]
[SourceDate "2015.10.29"]
[SourceVersion "1"]
[SourceVersionDate "2015.10.29"]
[SourceQuality "1"]

1. e4 c5 2. Nc3 a6 3. g3 Nc6 4. Bg2 g6 5. f4 Bg7 6. Nf3 e6 7. 0-0 Nge7 8. d3 d6 9. Ne2 Rb8 10. c3 0-0 11. Qc2 b5 12. Be3 Bb7 13. Rad1 b4 14. c4 Qb6 15. b3 Nd4 16. Nfxd4 cxd4 17. Bf2 e5 18. g4 f5 19. Bh4 Bf6 20. Bxf6 Rxf6 21. gxf5 gxf5 22. Ng3 Rbf8 23. fxe5 dxe5 24. exf5 Nxf5 25. Nxf5 Rxf5 26. Rxf5 Rxf5 27. Bxb7 Qxb7 28. Qg2+ Qxg2+ 29. Kxg2 Rg5+ 30. Kf3 Kf7 31. a3 Rf5+ 32. Kg4 Rf4+ 33. Kg3 Rf6 34. axb4 Rb6 35. b5 axb5 36. c5 Rg6+ 37. Kh3 b4 38. Rc1 Rc6 39. Kg4 Ke6 40. Rc2 e4 41. dxe4 Ke5 42. Kf3 Rf6+ 43. Kg2 d3 44. Rf2 Rc6 45. Kf3 Kd4 46. Rd2 Rxc5 47. Rd1 Re5 48. Rc1 d2 0-1

[Event "BL2 West 1415 (Women)"]
[Site "Germany"]
[Date "2014.12.14"]
[Round "5.2"]
[White "Sherif, Amina"]
[Black "Plass, Mariana Camelia"]
[Result "1-0"]
[WhiteElo "1880"]
[BlackElo "2079"]
[PlyCount "117"]
[EventDate "2014.09.27"]
[EventType "team-tourn"]
[EventRounds "7"]
[EventCountry "GER"]
[SourceTitle "CBM 166 Extra"]
[Source "ChessBase"]
[SourceDate "2015.06.18"]
[SourceVersion "1"]
[SourceVersionDate "2015.06.18"]
[SourceQuality "1"]
[WhiteTeam "Heiden (W)"]
[BlackTeam "Gelsenkirchen (W)"]
[WhiteTeamCountry "GER"]
[BlackTeamCountry "GER"]

1. e4 c5 2. Nf3 d6 3. d4 cxd4 4. Nxd4 Nf6 5. Nc3 a6 6. g3 g6 7. Bg2 Bg7 8. 0-0 0-0 9. h3 Nbd7 10. Be3 Ne5 11. Qe2 Qc7 12. Rad1 Bd7 13. f4 Nc4 14. Bc1 Rac8 15. Qd3 b5 16. Rfe1 Rfe8 17. Nf3 Nh5 18. b3 Nb6 19. Ne2 Qxc2 20. Qxc2 Rxc2 21. e5 Bf8 22. Be3 Nc8 23. g4 Ng7 24. Nfd4 Rxa2 25. Nc3 Rb2 26. Bc1 Rxg2+ 27. Kxg2 Ne6 28. Nxe6 Bxe6 29. Nd5 Bxd5+ 30. Rxd5 e6 31. Rd3 dxe5 32. Rxe5 Ne7 33. Rd6 Rc8 34. Re1 Rc2+ 35. Rd2 Rc6 36. Bb2 Nd5 37. Kf3 f5 38. Rc1 Rxc1 39. Bxc1 a5 40. Rc2 a4 41. bxa4 bxa4 42. Rc4 a3 43. Ra4 Bd6 44. Ra6 Bb4 45. Rxe6 Nc7 46. Rb6 a2 47. Bb2 Nd5 48. Ra6 Bc3 49. Rxa2 Bxb2 50. Rxb2 h5 51. gxh5 gxh5 52. Rg2+ Kf7 53. Rg5 Kf6 54. Rxh5 Nc3 55. Rg5 Ne4 56. h4 Nd6 57. h5 Nf7 58. Rg6+ Ke7 59. h6 1-0

[Event "Benidorm op U2300 12th"]
[Site "Benidorm"]
[Date "2013.11.30"]
[Round "2"]
[White "Simon Padros, Emili"]
[Black "Plass, Mariana Camelia"]
[Result "1/2-1/2"]
[WhiteElo "2214"]
[BlackElo "2065"]
[PlyCount "57"]
[EventDate "2013.11.29"]
[EventType "swiss"]
[EventRounds "10"]
[EventCountry "ESP"]
[SourceTitle "CBM 157 Extra"]
[Source "ChessBase"]
[SourceDate "2013.12.19"]
[SourceVersion "1"]
[SourceVersionDate "2013.12.19"]
[SourceQuality "1"]

1. e4 c5 2. Nc3 a6 3. g3 Nc6 4. Bg2 g6 5. f4 d6 6. d3 Bg7 7. Nf3 e6 8. 0-0 Nge7 9. Be3 Nd4 10. e5 Nef5 11. Bf2 0-0 12. Ne4 Nxf3+ 13. Qxf3 dxe5 14. Bxc5 Ne7 15. fxe5 Bxe5 16. c3 f5 17. d4 Bc7 18. Nf2 Rb8 19. Nd3 b6 20. Ba3 Bd6 21. Bxd6 Qxd6 22. Qe2 Bd7 23. Qe5 Qxe5 24. Nxe5 Bc8 25. c4 Rd8 26. Rad1 Bb7 27. Bxb7 Rxb7 28. Rd2 Rc7 29. b3 1/2-1/2

[Event "Benidorm op U2300 11th"]
[Site "Benidorm"]
[Date "2012.12.03"]
[Round "4"]
[White "Plass, Mariana Camelia"]
[Black "Sanchez Dengra, Barbara"]
[Result "1/2-1/2"]
[WhiteElo "2112"]
[BlackElo "1873"]
[PlyCount "66"]
[EventDate "2012.11.30"]
[EventType "swiss"]
[EventRounds "10"]
[EventCountry "ESP"]
[SourceTitle "EXT 2014"]
[Source "ChessBase"]
[SourceDate "2013.11.20"]
[SourceVersion "1"]
[SourceVersionDate "2013.11.20"]
[SourceQuality "1"]

1. d4 d5 2. c4 c6 3. cxd5 cxd5 4. Bf4 Nc6 5. Nf3 Nf6 6. e3 Bf5 7. Nc3 e6 8. Be2 Ne4 9. Nxe4 Bxe4 10. 0-0 Be7 11. Nd2 Bg6 12. a3 0-0 13. b4 Qb6 14. Nb3 Rfc8 15. Qd2 Nxb4 16. Nc5 Nc6 17. Rfc1 Bxc5 18. Rxc5 Ne7 19. Rb5 Qc6 20. Rb2 Qd7 21. h4 h6 22. h5 Bh7 23. Qb4 Rc2 24. Qxb7 Qxb7 25. Rxb7 Rxe2 26. Rxe7 Bf5 27. Rc1 Bg4 28. Rcc7 Bxh5 29. Rxa7 Rxa7 30. Rxa7 Ra2 31. a4 Be2 32. a5 Bc4 33. Bd6 Bd3 1/2-1/2

[Event "ROM-chT (Women)"]
[Site "Brasov"]
[Date "2011.10.16"]
[Round "9.5"]
[White "Bulmaga, Irina"]
[Black "Plass, Mariana Camelia"]
[Result "1-0"]
[WhiteElo "2304"]
[BlackElo "2151"]
[PlyCount "55"]
[EventDate "2011.10.08"]
[EventType "team-tourn"]
[EventRounds "9"]
[EventCountry "ROU"]
[SourceTitle "CBM 144 Extra"]
[Source "ChessBase"]
[SourceDate "2011.10.28"]
[SourceVersion "1"]
[SourceVersionDate "2011.10.28"]
[SourceQuality "1"]
[WhiteTeam "Iasi Politehnica (W)"]
[BlackTeam "Bucharest Siciliana (W)"]
[WhiteTeamCountry "ROU"]
[BlackTeamCountry "ROU"]

1. e4 c5 2. Nf3 e6 3. d4 cxd4 4. Nxd4 Nc6 5. Nc3 Qc7 6. Be3 a6 7. a3 b5 8. Nxc6 dxc6 9. f4 Nf6 10. e5 Nd5 11. Nxd5 cxd5 12. Bd4 Bc5 13. c3 Bd7 14. Bd3 Qb6 15. Bc2 Rc8 16. Bb3 a5 17. 0-0 0-0 18. Kh1 Bxd4 19. cxd4 f5 20. exf6 Rxf6 21. Qd2 b4 22. a4 Qd6 23. g3 Rff8 24. Rfe1 Kh8 25. Re5 Be8 26. Rae1 Bg6 27. Rxe6 Be4+ 28. R1xe4 1-0

[Event "ROM-chT (Women)"]
[Site "Baile Herculane"]
[Date "2010.09.09"]
[Round "6"]
[White "Plass, Mariana Camelia"]
[Black "Dragomirescu, Angela"]
[Result "1/2-1/2"]
[WhiteElo "2134"]
[BlackElo "2168"]
[PlyCount "86"]
[EventDate "2010.09.04"]
[EventType "team-tourn"]
[EventRounds "9"]
[EventCountry "ROU"]
[SourceTitle "CBM 138 Extra"]
[Source "ChessBase"]
[SourceDate "2010.10.29"]
[SourceVersion "1"]
[SourceVersionDate "2010.10.29"]
[SourceQuality "1"]

1. Nf3 d6 2. d4 g6 3. c4 Bg7 4. e4 e5 5. Bg5 Ne7 6. dxe5 dxe5 7. Qxd8+ Kxd8 8. Nc3 f6 9. Rd1+ Bd7 10. Be3 c6 11. Be2 Kc7 12. 0-0 Be6 13. Nd2 Nd7 14. b4 f5 15. Nb3 f4 16. Nc5 Nxc5 17. Bxc5 Nc8 18. b5 Bf8 19. Bxf8 Rxf8 20. c5 Rd8 21. Rxd8 Kxd8 22. Rd1+ Ke8 23. a4 Ne7 24. a5 Bd7 25. Rb1 Kd8 26. h3 h5 27. a6 bxa6 28. b6 axb6 29. cxb6 c5 30. b7 Rb8 31. Bxa6 Bc6 32. Nd5 Bxd5 33. exd5 Kc7 34. Bc4 Nf5 35. Rb5 Rxb7 36. Rxc5+ Kd7 37. Rc6 Rc7 38. Rxc7+ Kxc7 39. Kf1 Kd6 40. Ke2 Ne7 41. Kf3 Nxd5 42. g3 fxg3 43. fxg3 g5 1/2-1/2